| 000 | 00400nam a22001817a 4500 | ||
|---|---|---|---|
| 003 | OSt | ||
| 005 | 20211229131656.0 | ||
| 008 | 211229b |||||||| |||| 00| 0 eng d | ||
| 020 | _a8125918019 | ||
| 040 | _cHU | ||
| 082 | _a005.133 | ||
| 100 |
_aJeyapoovan T _922832 |
||
| 245 | _aFundamentals Of Computing | ||
| 250 | _a2ed | ||
| 260 |
_aDelhi _bDelhi |
||
| 300 | _f310 | ||
| 942 |
_2ddc _cBOOKS _n0 |
||
| 999 |
_c24971 _d24971 |
||